MARC

LEADER 00000nam0a2200000 4500
001 110015
005 20231101214916.0
035 |a (RuTPU)RU\TPU\book\118814 
090 |a 110015 
100 |a 20070216d1950 k y0rusy50 ca 
101 0 |a rus 
102 |a RU 
105 |a a g 000zy 
200 1 |a Справочник по гидравлическому сопротивлению фасонных и прямых частей трубопроводов  |f И. Е. Идельчик  |g Центральный аэрогидродинамический институт (ЦАГИ) 
210 |a Москва  |c [Б. и.]  |d 1950 
215 |a 213 с.  |c ил. 
606 |a Трубопроводы  |x Гидравлика  |2 stltpush  |3 (RuTPU)RU\TPU\subj\61740  |9 78903 
606 |a Гидравлические сопротивления  |2 stltpush  |3 (RuTPU)RU\TPU\subj\6530  |9 34400 
610 1 |a фасонные части 
610 1 |a прямые части 
610 1 |a справочники 
610 1 |a потоки 
610 1 |a скорость 
610 1 |a трубы 
675 |a 621.643:53(035)  |v 3 
675 |a 532.542(035)  |v 3 
700 1 |a Идельчик  |b И. Е.  |g Исаак Евсеевич 
712 0 2 |a Центральный аэрогидродинамический институт (ЦАГИ)  |c (Москва)  |2 stltpush  |3 (RuTPU)RU\TPU\col\4446 
801 1 |a RU  |b 63413507  |c 20070216  |g PSBO 
801 2 |a RU  |b 63413507  |c 20210608  |g PSBO 
942 |c BK